Random 2000s Artists by Songs #1 - Statistics

General Stats
  • This quiz has been taken 283 times
  • The average score is 7 of 15
Answer Stats
Song Artist % Correct
Bring Me To Life Evanescence
80%
Misery Business Paramore
65%
Teenagers My Chemical Romance
60%
Gives You Hell All American Rejects
54%
Beverly Hills Weezer
53%
Can't Stop Red Hot Chili Peppers
50%
You're Gonna Go Far, Kid The Offspring
50%
I Miss You Blink-182
48%
Smooth Criminal Alien Ant Farm
47%
Down With The Sickness Disturbed
46%
In Too Deep Sum 41
42%
The Anthem Good Charlotte
35%
Bodies Drowning Pool
23%
Second Chance Shinedown
17%
Disposable Teens Marilyn Manson
7%
No matching quizzes found
Score Distribution
Percent of People with Each Score
Percentile by Number Answered
Your Score History
You have not taken this quiz